[Event "Cup Russia (open)"]
[Site "masterchessopen.com Vladivostok (Russia)"]
[Date "2012.09.22"]
[Round "6"]
[White "Belozerov Andrei (RUS)"]
[Black "Tsydypov Zhamsaran (RUS)"]
[Result "1-0"]
[WhiteElo "2507"]
[BlackElo "2338"]

1.Nf3 Nf6 2.c4 e6 3.g3 d5 4.d4 Bb4+ 5.Bd2 Bxd2+ 6.Nbxd2 O-O 7.Bg2 b6 8.cxd5
exd5 9.Rc1 Re8 10.O-O Ba6 11.Re1 Nbd7 12.b4 Rc8 13.e3 Bb5 14.Qb3 c6 15.Rc2 Ba6
16.Rec1 Bb7 17.Qa3 a6 18.Qb2 Re7 19.a4 Ne8 20.Bh3 Rc7 21.a5 bxa5 22.bxa5 Nd6
23.Bxd7 Qxd7 24.Ne5 Qe8 25.Qb6 Nc8 26.Qb4 f6 27.Nd3 Na7 28.Nf4 Nb5 29.Nxd5
{#r} 1-0

[Event "Cup Russia (open)"]
[Site "masterchessopen.com Vladivostok (Russia)"]
[Date "2012.09.23"]
[Round "7"]
[White "Demianjuk Alexander (RUS)"]
[Black "Tsilidis Alexandros (GRE)"]
[Result "1-0"]
[WhiteElo "2307"]
[BlackElo "2259"]

1.d4 d5 2.c4 e6 3.Nf3 Nf6 4.g3 Bb4+ 5.Bd2 Bxd2+ 6.Nbxd2 O-O 7.Bg2 b6 8.cxd5
exd5 9.O-O Bb7 10.Ne5 Nbd7 11.Nd3 c5 12.Nf4 c4 13.Nxc4 g5 14.Nh3 Ne4 15.Nd2 f5
16.Nxe4 dxe4 17.Qb3+ Kg7 18.Rac1 h6 19.e3 Nf6 20.Kh1 Nd5 21.Ng1 a5 22.a3 Qd7
23.Ne2 Ba6 24.Rfe1 a4 25.Qc2 Bd3 26.Qc6 Qf7 27.Nc3 Nxc3 28.Rxc3 Rac8 29.Qxa4
Rxc3 30.bxc3 Qa2 31.Kg1 Qd2 32.Rd1 Qxc3 33.Bf1 b5 34.Qb4 Qxb4 35.axb4 Bxf1
36.Kxf1 Ra8 37.d5 Kf7 38.h3 Ke7 39.d6+ Ke6 40.g4 f4 41.d7 Rd8 42.Rd4 fxe3
43.fxe3 Rxd7 44.Rxe4+ Kf6 45.Rd4 Re7 46.Rd6+ Ke5 47.Rxh6 Kd5 48.Rh5 Rxe3
49.Rxg5+ Kc4 50.h4 Kxb4 51.h5 Rh3 52.Kg2 Rh4 53.Kg3 Rh1 54.Rg8 Kc3 55.Rc8+ Kd3
56.Rb8 Kc4 57.Kf4 b4 58.Kg5 b3 59.Kh6 Kc3 60.g5 b2 61.g6 Ra1 62.g7 Ra7 63.Kh7
{#r} 1-0

[Event "Cup Spring"]
[Site "masterchessopen.com Saratov (Russia)"]
[Date "2011.03.16"]
[Round "3"]
[White "Dudin Denis (RUS)"]
[Black "Kahramanov Bahtijar (RUS)"]
[Result "1-0"]
[WhiteElo "2073"]
[BlackElo "2009"]

1.Nf3 d5 2.d4 e6 3.c4 Nf6 4.g3 Bb4+ 5.Bd2 Be7 6.Bg2 O-O 7.Qc2 c6 8.O-O Nbd7
9.Rd1 b6 10.Nc3 Bb7 11.e4 Nxe4 12.Nxe4 dxe4 13.Qxe4 Nf6 14.Qc2 Qc8 15.c5 h6
16.Ne5 Nd7 17.Nxd7 Qxd7 18.Bf4 Rfd8 19.b4 a5 20.bxa5 b5 21.Qc3 g5 22.Be3 Ba6
23.h4 Rab8 24.hxg5 hxg5 25.Qd2 f6 26.Be4 Kf7 27.Qe2 Rh8 28.Qf3 g4 29.Qxg4 Rbg8
30.Qf3 Bb7 31.a6 Ba8 {#r} 1-0

[Event "Cup Tatran"]
[Site "masterchessopen.com Strbske Pleso (Czech Republic)"]
[Round "5"]
[White "Ftacnik Lubomir (SVK)"]
[Black "Cvetkovic Srdjan (SRB)"]
[Result "1-0"]
[WhiteElo "2570"]
[BlackElo "2406"]

1.Nf3 d5 2.d4 Nf6 3.c4 e6 4.g3 Bb4+ 5.Bd2 a5 6.Qc2 O-O 7.a3 Bd6 8.Bg2 Nc6 9.c5
Be7 10.O-O Ne4 11.Rd1 Bd7 12.Nc3 f5 13.Rab1 g5 14.e3 Be8 15.b4 axb4 16.axb4
Bh5 17.Rdc1 Bf6 18.Ne2 f4 19.b5 Ne7 20.exf4 Bg6 21.Ra1 Rxa1 22.Rxa1 g4 23.Ne5
Bxe5 24.fxe5 Rxf2 25.Qd1 Qf8 26.Bf4 Rf3 27.Ra7 Nf2 28.Qa1 Bd3 29.Ra8 Nc8 30.c6
bxc6 31.Qa6 Nh3+ 32.Bxh3 gxh3 33.Rxc8 Bxe2 34.Rxf8+ Kxf8 35.Qc8+ Kf7 36.Qd7+
{#r} 1-0

[Event "Cup Yugoslavia (team)"]
[Site "masterchessopen.com Herceg Novi (Montenegro)"]
[Round "4"]
[White "Ilincic Zlatko (SRB)"]
[Black "Hracek Zbynek (CZE)"]
[Result "1-0"]
[WhiteElo "2521"]
[BlackElo "2610"]

1.d4 Nf6 2.c4 e6 3.Nf3 d5 4.g3 Bb4+ 5.Bd2 Be7 6.Bg2 c6 7.Qc2 b6 8.O-O Ba6 9.b3
Nbd7 10.a4 c5 11.Na3 O-O 12.a5 Rc8 13.axb6 axb6 14.Rfd1 b5 15.cxb5 Bb7 16.Qa2
Ne4 17.Be1 cxd4 18.Nxd4 Ndf6 19.Qb2 Bc5 20.e3 Qd7 21.Nac2 Nd6 22.Bf1 Ng4
23.Be2 Nf6 24.Nb4 Rfe8 25.Ndc6 Nfe4 26.Nd3 Bb6 27.Nde5 Qc7 28.Rdc1 Ra8 29.Bb4
Rxa1 30.Qxa1 Rc8 31.Nd3 Qd7 32.Kg2 Ra8 33.Qb2 f6 34.f3 Ng5 35.h4 Ngf7 36.Nc5
Bxc5 37.Bxc5 e5 38.Qd2 d4 39.exd4 e4 40.d5 exf3+ 41.Bxf3 Nxb5 42.Qe2 Nbd6
43.Bxd6 Nxd6 44.Qe6+ Qxe6 45.dxe6 Ra2+ 46.Kh3 Kf8 47.Nb4 Rb2 48.Bxb7 Rxb3
49.e7+ Kxe7 50.Nd5+ Kf8 51.Bc8 Rb8 52.Bd7 Nf7 53.Rc7 Ne5 54.Bc8 h5 55.Nf4 g6
56.Bb7 Kg8 57.Be4 {#r} 1-0

[Event "Czech League 2002/03 (2nd) (b)"]
[Site "masterchessopen.com Czech Republic"]
[Round "2"]
[White "Tejkal Lubomir (CZE)"]
[Black "Strnad Josef (CZE)"]
[Result "1-0"]
[WhiteElo "2078"]
[BlackElo "2088"]

1.d4 Nf6 2.Nf3 d5 3.c4 e6 4.g3 Bb4+ 5.Bd2 Bxd2+ 6.Qxd2 O-O 7.Bg2 Nbd7 8.O-O
dxc4 9.Na3 Rb8 10.Nxc4 Ne4 11.Qf4 Ndf6 12.Rac1 Bd7 13.Nfe5 Nd6 14.Rc2 Nxc4
15.Nxc4 Nd5 16.Qd2 Qe7 17.Ne5 Rfc8 18.Rfc1 Be8 19.b3 f6 20.Nd3 Qd6 21.e4 Ne7
22.Nc5 Rd8 23.e5 fxe5 24.Nxb7 Rxb7 25.Bxb7 c6 26.Ba6 exd4 27.Bc4 Kf8 28.Re1 e5
29.Qg5 Ng6 30.Bd3 Qf6 31.Qf5 Bd7 32.Qe4 Re8 33.Qg2 Ne7 34.Be4 g6 35.Rc5 Qd6
36.b4 Kg7 37.Qf1 Nd5 38.Qc4 Ne7 39.a3 Be6 40.Qa6 Bd7 41.Bd3 Nd5 42.Be4 Nf6
43.Qd3 Re7 44.Qc2 Nd5 45.Rd1 Rf7 46.Rd2 Qf6 47.Qd1 h5 48.f3 Bh3 49.Qe1 Bd7
50.b5 Nc3 51.bxc6 Bc8 52.c7 Qe7 53.Rc6 Rf6 54.Rxf6 Kxf6 55.Rb2 Qxc7 56.h4 Ba6
57.Qd2 Kg7 58.Rc2 Qe7 59.a4 Qf6 60.Qg5 Qf7 61.Qxe5+ Qf6 62.Qxf6+ Kxf6 63.Kf2
Nxe4+ 64.fxe4 Bb7 65.Kf3 d3 66.Rc5 d2 67.Ke2 d1=Q+ 68.Kxd1 Bxe4 69.Kd2 a6
70.Ke3 Bb7 71.Kf4 Bg2 72.a5 Bb7 73.Rc2 Bd5 74.Rb2 Bc4 75.Rb6+ Kg7 76.Kg5 {#r}
1-0

[Event "Czech League 2010/11 (2nd) (c)"]
[Site "masterchessopen.com Czech Republic"]
[Date "2010.10.17"]
[Round "1"]
[White "Spacek Petr (CZE)"]
[Black "Rehorek Martin (CZE)"]
[Result "0-1"]
[WhiteElo "2408"]
[BlackElo "2280"]

1.d4 Nf6 2.c4 e6 3.Nf3 d5 4.g3 Bb4+ 5.Bd2 a5 6.Bg2 dxc4 7.Qc2 Ra6 8.O-O O-O
9.Qxc4 Rb6 10.Nc3 Bd7 11.Ne5 Nc6 12.Rad1 Be8 13.Be3 Bxc3 14.bxc3 Nd5 15.Bc1
Nxe5 16.dxe5 Bb5 17.Qg4 f5 18.exf6 Qxf6 19.Bf3 Nxc3 20.Bg5 Nxe2+ 21.Kg2 Qxf3+
22.Qxf3 Bc6 23.Qxc6 Rxc6 24.Rd7 Nc3 25.Rc1 Nd5 26.Rxc6 bxc6 27.Be3 e5 28.Bc5
Rb8 29.h4 a4 30.g4 h6 31.Kg3 Nf6 32.Rxc7 Ne4+ 33.Kf3 Nxc5 34.Rxc6 Nd7 35.Rc7
Nf8 36.Rc4 Ra8 37.Rc5 Nd7 38.Rc7 Nf6 39.g5 hxg5 40.hxg5 e4+ 41.Kg3 Nd5 42.Rc5
Nb6 43.Re5 Rc8 44.Rxe4 Rc4 45.Re5 Kf7 46.Rb5 Nd7 47.Rb2 Nc5 48.Rb6 Ne4+ 49.Kf4
Nxf2+ 50.Kf3 Nd3 51.g6+ Ke7 52.Ra6 Nc5 53.Rc6 Kd7 54.Rb6 Kc7 55.Rb5 Kd6 56.Rb8
Ne6 57.Ke3 Ke5 58.Kd3 Rg4 59.Ra8 Rxg6 {#R} 0-1

[Event "Dos Hermanas Internet Final"]
[Site "masterchessopen.com Internet"]
[Date "2007.03.24"]
[Round "4"]
[White "Sammour-Hasbun Jorge E (PLE)"]
[Black "Ibrahimov Rasul (AZE)"]
[Result "1-0"]
[WhiteElo "2460"]
[BlackElo "2527"]

1.d4 Nf6 2.c4 e6 3.g3 d5 4.Nf3 Bb4+ 5.Bd2 Be7 6.Qc2 O-O 7.Bg2 c6 8.O-O b6
9.Bf4 Ba6 10.Nbd2 Nbd7 11.Rfd1 Rc8 12.Rac1 c5 13.Qa4 Bxc4 14.Nxc4 dxc4 15.dxc5
Nd5 16.c6 Nc5 17.Qxc4 Qe8 18.Ne5 Nxf4 19.gxf4 a5 20.Nd7 g6 21.Nxf8 Qxf8 22.Qb5
Bd8 23.e3 g5 24.fxg5 h6 25.gxh6 Qxh6 26.Rxd8+ {#r} 1-0

[Event "Dos Hermanas Internet Final"]
[Site "masterchessopen.com Internet"]
[Date "2008.04.04"]
[Round "2"]
[White "Melkumyan Hrant (ARM)"]
[Black "Jobava Baadur (GEO)"]
[Result "0-1"]
[WhiteElo "2541"]
[BlackElo "2664"]

{ Melkumyan Hrant (ARM) +1 =1 -0 Jobava Baadur (GEO) +1 =0 -0 } 1.d4 d5 2.c4
e6 3.Nf3 Nf6 4.g3 Bb4+ 5.Bd2 Be7 6.Bg2 O-O 7.O-O Nbd7 8.Qc2 c6 9.Rd1 b6 10.Bf4
Bb7 { ?/= } 11.b3 ( 11.Nc3 dxc4 12.Nd2 Nd5 13.Nxc4 Nxf4 14.gxf4 Qc7 15.e3 Rac8
16.Rac1 { 1/2-1/2, Khalifman Alexander 2653 - Kramnik Vladimir 2739 , Moscow
30.12.2005 Ch Russia (superfinal) } ) ( 11.Ne5 Rc8 12.Nc3 b5 13.c5 Nxe5
14.Bxe5 Ng4 15.Bf4 f5 16.b4 a6 17.a4 Ra8 18.Ra3 Qd7 19.Na2 g5 20.Bc1 Kh8
21.Bb2 f4 22.h3 Nf6 23.g4 h5 24.Nc1 Bd8 25.Qg6 Qg7 26.gxh5 Qxg6 27.hxg6 Bc7
28.Nd3 Kg7 29.Ne5 Bxe5 30.dxe5 Ng8 { ...1/2-1/2, Avrukh Boris 2653 -
Sargissian Gabriel 2610 , Caleta 29. 1.2005 It (open) "Gibraltar Masters" } )
11...Rc8 ( 11...Nh5 12.Bc1 Rc8 13.Nc3 b5 14.c5 f5 15.b4 a5 16.bxa5 Qxa5 17.a4
bxa4 18.Nxa4 Qc7 19.Bg5 Bf6 20.Bxf6 Nhxf6 21.Rdb1 Ra8 22.Ng5 Rfe8 23.Qb2 h6
24.Nh3 Ra7 25.Nf4 g5 26.Nd3 Rea8 27.Nc3 Ne4 28.Rxa7 Rxa7 29.f3 Nxc3 30.Qxc3
Ba6 31.Nc1 { ...1/2-1/2, Psakhis Lev 2545 - Golod Vitali 2554 , Internet 15.
4.2004 It (blitz) ACP (Prelim4) } ) 12.Nc3 c5 { +0.15 CAP } 13.Qb2 { N } (
13.dxc5 dxc4 ( 13...Bxc5 14.Ne5 Nxe5 15.Bxe5 Qe7 16.e3 Ng4 17.Bd4 dxc4 18.Qe2
Bxg2 19.Kxg2 Bxd4 20.Rxd4 Ne5 21.bxc4 Qb4 22.Rc1 Rxc4 23.Rxc4 Qxc4 24.Qxc4
Nxc4 25.Nb5 Rc8 26.Rd1 a6 27.Nc7 a5 28.Rd4 { 1/2-1/2, Hansen Martin H - Li
Mike, Copenhagen 2002 It (open) "Politiken Cup" } ) 14.b4 bxc5 15.b5 Nd5
16.Ne5 Nxe5 17.Bxe5 Bf6 18.Bxf6 Qxf6 19.Ne4 Qe7 20.Qxc4 f5 21.Nc3 Nxc3 22.Qxc3
Bxg2 23.Kxg2 c4 24.a4 Rfd8 25.Rxd8+ Qxd8 26.Rb1 Qd5+ 27.f3 Rc5 28.Rb2 Qd7
29.Rd2 Rd5 30.Rc2 Rc5 31.Qb4 Qd5 32.Qa5 Qd7 { ...1-0, Delchev Aleksander 2634
- San Segundo Carrillo Pablo 2528 , Ohrid 2001 Ch Europe (play-off) (active) }
) ( 13.cxd5 cxd4 14.d6 Rxc3 15.dxe7 Qxe7 16.Bd6 Rxc2 17.Bxe7 Bxf3 18.Bxf3 Re8
19.Bxf6 Nxf6 20.Rxd4 e5 21.Ra4 e4 22.Bg2 Re7 23.Rd1 g6 24.Kf1 e3 25.fxe3 Kg7
26.Rd3 h5 27.Bf3 Rec7 28.h4 Nd7 29.Rad4 Ne5 30.Rd2 R2c3 31.Kf2 Rc2 32.Rxc2
Rxc2 { ...1/2-1/2, Mikhalevski Victor 2598 - Nakamura Hikaru 2648 , Bastia
29.10.2007 It "Corsica Masters" (KO-system) } ) ( 13.Nb5 cxd4 14.Nxa7 Rc5
15.Rxd4 Qa8 16.Nb5 dxc4 17.Bd6 Bxd6 18.Nxd6 cxb3 19.Qxb3 Bd5 20.Qd3 e5 21.Rh4
e4 { 0-1, Molina Roberto Junio Brito 2322 - Leitao Rafael 2601 , Rio de
Janeiro 16.12.2007 Ch Brazil } ) 13...cxd4 14.Rxd4 dxc4 15.Rad1 Qe8 16.Nb5 { ?
} ( 16.Rxc4 Rxc4 17.bxc4 Nc5 18.Ne5 Qa8 19.Bxb7 Qxb7 20.Be3 Nfe4 21.Nxe4 Qxe4
22.Bxc5 Bxc5 23.Nd7 { } ) 16...Bxf3 17.Bxf3 e5 18.Rxd7 Nxd7 19.Be3 e4 20.Bxe4
Nf6 21.Nxa7 Nxe4 22.Nxc8 Qxc8 23.bxc4 Bc5 24.Bxc5 Qxc5 25.e3 Qxc4 26.Rd4 Qc6
27.Rb4 Ng5 28.h4 Nf3+ 29.Kf1 Rd8 30.Rxb6 Nh2+ 31.Ke1 Qh1+ { } {#R} 0-1

[Event "Dos Hermanas Qualifier (final)"]
[Site "masterchessopen.com Internet"]
[Date "2004.03.13"]
[Round "2"]
[White "Wojtkiewicz Aleksander (USA)"]
[Black "Zhang Zhong (SIN)"]
[Result "0-1"]
[WhiteElo "2539"]
[BlackElo "2596"]

{ Wojtkiewicz Aleksander (USA) +7 =2 Wojtkiewicz Aleksander (USA) +7 =2 -0 }
1.Nf3 { 1 } 1...Nf6 2.c4 e6 3.g3 d5 4.d4 Bb4+ 5.Bd2 Be7 6.Bg2 c6 7.Qc2 O-O
8.O-O b6 9.Bf4 Bb7 10.Rd1 ( 10.Nbd2 Nh5 11.Be3 Nd7 12.Rac1 Rc8 13.Rfd1 f5
14.Nb1 f4 15.Bd2 Bd6 16.cxd5 cxd5 17.Qa4 a6 18.Rxc8 Bxc8 { 1/2-1/2,
Wojtkiewicz Aleksander 2570 - Huebner Robert Dr 2630 , Polanica Zdroj 1995 It
(cat.14) } ) 10...Nbd7 11.Nc3 Rc8 12.Ne5 Nh5 { ?/= } 13.Bc1 ( 13.Be3 Nhf6
14.Rac1 Nxe5 15.dxe5 { 1/2-1/2, Gulko Boris F 2600 - Nogueiras Jesus 2555 ,
Novi Sad 1990 Olympiad } ) ( 13.Bd2 Nhf6 14.e4 dxc4 15.Nxc4 b5 16.Ne3 Qb6
17.Ne2 { 1/2-1/2, Khalifman Alexander 2645 - Tiviakov Sergei 2655 , Elista
1998 Cup President } ) 13...Nhf6 ( 13...Qc7 14.Nxd7 Qxd7 15.e4 Nf6 16.e5 Ne8
17.Qa4 Nc7 18.h4 a6 19.Qb3 b5 20.c5 a5 21.Ne2 f5 22.Nf4 { 1/2-1/2, Shchekachev
Andrei 2572 - Bunzmann Dimitrij 2498 , France 2002 Ch France (team) 2002 } ) (
13...f5 14.Qa4 Nxe5 15.dxe5 a6 16.Qb3 b5 17.cxd5 cxd5 18.Be3 f4 19.Bxf4 Rxf4
20.Nxd5 Bxd5 21.Bxd5 exd5 22.Rxd5 Qf8 23.Rd8+ Kh8 24.Rxf8+ Rfxf8 25.Rd1 Rc4
26.Rd7 Bc5 27.e3 g6 28.Qd1 Ng7 29.b3 Rc3 30.Qd5 Nf5 31.Qb7 Rc1+ 32.Kg2 Rc2
33.Rxh7+ { ...1-0, Van Wely Loek 2668 - Spassky Boris V 2548 , France 2002 Ch
France (team) 2002 } ) 14.e4 ( 14.Bf4 Nh5 15.Be3 Nhf6 16.h3 b5 17.Nxd7 Nxd7
18.c5 b4 19.Na4 Ba6 20.Bf1 Rb8 21.b3 Bb5 22.Nb2 e5 23.dxe5 Nxe5 24.a3 bxa3
25.Rxa3 Rb7 26.Na4 Qb8 27.Nc3 Bf6 28.Bd4 Re8 29.Bg2 Nd7 30.e4 Bxd4 31.Rxd4
Nxc5 32.exd5 cxd5 33.Rxd5 Bd3 { ...0-1, Beliavsky Alexander G 2710 - Jussupow
Artur 2640 , Ubeda 1997 It (cat.16) } ) 14...dxc4 ( 14...a6 15.Bf4 Nh5 16.Be3
Nhf6 17.Nxd7 Qxd7 18.e5 Ne8 19.Na4 Qc7 20.cxd5 exd5 21.Rac1 g6 22.Qb3 b5
23.Nc5 Ng7 24.Bh6 Rfd8 25.Bh3 Bxc5 26.Rxc5 Ne6 27.Rcc1 Qe7 28.Bxe6 Qxe6 29.Bg5
Rd7 30.Rc5 Re8 31.Bf6 h6 32.Kg2 Qf5 33.Re1 Qxf6 34.exf6 { ...1-0, Podzielny
Karl-Heinz 2512 - Haag Ulrich 2266 , Schwabisch Gmund 1999 It (open) } ) (
14...c5 15.exd5 cxd4 16.Nxd7 Qxd7 17.Rxd4 exd5 18.cxd5 Bc5 19.Rh4 h6 20.Bh3
Qe7 21.Bd2 Rce8 22.Qd3 Nxd5 23.Re4 Qf6 24.Rf1 Nxc3 25.Rxe8 Rxe8 26.Bxc3 Qc6 {
0-1, Lingnau Carsten 2427 - Farago Ivan 2506 , Senden 2003 It (open) } ) (
14...Ba6 15.cxd5 cxd5 { } ) 15.Nxc4 b5 16.Ne3 Qb6 ( 16...Qc7 17.Bd2 Rfd8
18.Rac1 Qb8 19.Qb3 a6 20.e5 Ne8 21.f4 Nb6 22.Be1 c5 23.dxc5 Bxc5 24.Ne4 Bd5
25.Rxd5 Bxe3+ 26.Qxe3 Nxd5 27.Qd2 Nc3 { 0-1, O'Kelly de Galway Alberic 2460 -
Bolbochan Jacobo, Stockholm 1937 Olympiad } ) 17.b3 ( 17.f4 Rfd8 18.e5 Nd5
19.Qf2 f5 20.g4 g6 21.gxf5 gxf5 22.a4 b4 23.a5 Qc7 24.Ncxd5 cxd5 25.Bd2 Nf8
26.Rdc1 Qd7 27.Nc2 b3 28.Nb4 Rxc1+ 29.Rxc1 Rc8 30.Rxc8 Qxc8 31.Qg3+ Ng6
32.Qxb3 Bxb4 33.Qxb4 Qc2 34.Bf1 Qd1 35.Kf2 Bc6 36.Be2 Qh1 { ...1-0, Filippov
Valerij 2609 - Izoria Zviad 2553 , Istanbul 2003 Ch Europe } ) 17...Rfe8 18.h4
{ N ?! $ } ( 18.Bb2 { !? } 18...Bf8 ( 18...c5 19.d5 a6 20.dxe6 { } ) 19.Ne2 c5
20.d5 exd5 21.exd5 Ne5 22.a4 a6 23.axb5 axb5 24.Nf4 c4 25.bxc4 Nxc4 26.Bd4
Nxe3 27.Qxc8 Rxc8 28.Bxb6 Nxd1 29.Rxd1 Bd6 30.Ne2 b4 31.Nd4 Bc5 32.d6 Bxg2
33.Bxc5 Rxc5 34.Kxg2 Rd5 { 1/2-1/2, Filippov Valerij 2593 - Kacheishvili
Giorgi 2564 , Golden Sands 2000 Ch World (universities) } ) 18...c5 19.d5 exd5
{ ?! 6 } ( 19...a6 { !? } 20.Qd2 exd5 21.Ncxd5 Nxd5 { {#R} 0-1



} ) 20.Nexd5 Bxd5 21.Nxd5 Nxd5 { } 22.Rxd5 { ?! - } ( 22.exd5 { !? } 22...Bf6
23.Rb1 Bd4 24.Bf4 { 6 } ) 22...Nf6 23.Rd1 { ?! ^28 } ( 23.Rf5 { !? } 23...g6
24.Rf3 Nd7 25.Bf4 { - } ) 23...c4 24.bxc4 { ?! ^22 } ( 24.Bh3 { !? } 24...cxb3
25.Qxb3 Rc4 26.e5 { ^28 } ) 24...Rxc4 25.Qe2 Bc5 26.Rb1 { ? ^12 } ( { ? }
26.Be3 Nxe4 27.Bxc5 Qxc5 28.Re1 { ^22 } ) 26...Nxe4 27.Qxc4 { ?! ^08 } (
27.Rf1 { !? } 27...a6 28.Bg5 Re6 29.Bxe4 { ^12 } ) 27...bxc4 28.Rxb6 Bxb6 { ?
^14 } ( { ? } 28...Bxf2+ 29.Kf1 Bxb6 30.Bf4 c3 { ^09 } ) 29.Kf1 { ?! ^08 } (
29.Be3 { !? } 29...Nc3 30.Rd7 g6 31.a3 { ^14 } ) 29...Nxf2 30.Rd7 Ne4 31.Bf4
c3 32.a4 h5 33.a5 Bxa5 34.Rxa7 Nd2+ { ^09 } *

[Event "Extra League 1996/97"]
[Site "masterchessopen.com Czech Republic"]
[Round "2"]
[White "Konopka Michal (CZE)"]
[Black "Karlik Jiri (CZE)"]
[Result "1-0"]
[WhiteElo "2405"]
[BlackElo "2355"]

1.Nf3 Nf6 2.c4 e6 3.g3 d5 4.d4 Bb4+ 5.Bd2 Bxd2+ 6.Nbxd2 O-O 7.Bg2 Nbd7 8.O-O
c5 9.cxd5 exd5 10.Qc2 b6 11.Rfd1 Qe7 12.e3 Re8 13.b3 Ne4 14.Nxe4 dxe4 15.Nd2
Bb7 16.Nc4 Bd5 17.Rac1 Rad8 18.Qb2 cxd4 19.exd4 Bxc4 20.bxc4 Nf6 21.Qb3 Rd6
22.c5 bxc5 23.dxc5 Rxd1+ 24.Qxd1 e3 25.Qe2 exf2+ 26.Qxf2 Ng4 27.Qf4 g5 28.Qd4
Rd8 29.Qc3 Ne3 30.c6 Rd1+ 31.Rxd1 Nxd1 32.c7 Nxc3 33.c8=Q+ Kg7 34.Qxc3+ f6
35.Bf3 Qd7 36.Kg2 h5 37.Qc2 h4 38.gxh4 gxh4 39.a4 Qd4 40.Qe4 Qb2+ 41.Kh3 Qf2
42.Qe7+ Kg6 43.Be4+ {#r} 1-0

[Event "Extra League 2007/08"]
[Site "masterchessopen.com Czech Republic"]
[Date "2008.03.01"]
[Round "8"]
[White "Spacek Petr (CZE)"]
[Black "Sluka Radek (CZE)"]
[Result "1-0"]
[WhiteElo "2423"]
[BlackElo "2298"]

1.d4 Nf6 2.c4 e6 3.g3 d5 4.Nf3 Bb4+ 5.Bd2 Bxd2+ 6.Nbxd2 O-O 7.Bg2 c5 8.cxd5
Qxd5 9.O-O cxd4 10.Nb3 Qh5 11.Qxd4 Nc6 12.Qh4 Qxh4 13.Nxh4 e5 14.Bxc6 bxc6
15.Rfc1 Bd7 16.Nf3 Rfe8 17.Rc5 Nd5 18.e4 Nb6 19.Nxe5 Bh3 20.f4 f6 21.Nd3 Bd7
22.Re1 Rad8 23.Rc2 Be6 24.Ndc5 Bf7 25.Kf2 Nc4 26.Nc1 Rb8 27.N1d3 Red8 28.Rec1
Nd6 29.Ke3 a5 30.b3 Re8 31.Nf2 Nf5+ 32.Kd2 Nd4 33.Rc3 Red8 34.Rd3 f5 35.Ke3
Nb5 36.Rxd8+ Rxd8 37.Nb7 Re8 38.Nxa5 fxe4 39.Nxc6 Nd6 40.Nd4 Ra8 41.Rc6 Ne8
42.Nxe4 Rxa2 43.Rc8 Kf8 44.Nd6 Bh5 45.Nxe8 Bxe8 46.Nf5 Ra6 47.Nxg7 Kxg7
48.Rxe8 Rb6 49.Kf3 Rxb3+ 50.Kg4 Ra3 51.Re7+ Kg6 52.Re6+ Kf7 53.Rb6 Ra2 54.h3
Ra3 55.Kh4 Rf3 56.Kg4 Ra3 57.h4 Kg7 58.h5 Rc3 59.Kh4 Rf3 60.Rb7+ Kh6 61.Rb6+
Kg7 62.Rb4 Ra3 63.Rb7+ Kh6 64.Rb6+ Kg7 65.g4 Ra4 66.Rb7+ Kg8 67.Kg5 Ra6 68.Re7
Rb6 69.Kf5 Rb5+ 70.Kf6 Rb6+ 71.Re6 Rb8 72.f5 Rf8+ 73.Kg5 Ra8 74.Kh6 Ra5 75.Rb6
Ra8 76.g5 Kh8 77.Rb7 Kg8 78.Rg7+ Kh8 79.Rxh7+ Kg8 80.f6 {#r} 1-0

[Event "Extraliga 2004/05"]
[Site "masterchessopen.com Slovakia"]
[Date "2005.04.09"]
[Round "10"]
[White "Stocek Jiri (CZE)"]
[Black "Mokos Jozef (SVK)"]
[Result "1-0"]
[WhiteElo "2580"]
[BlackElo "2280"]

1.Nf3 Nf6 2.c4 e6 3.d4 d5 4.g3 Bb4+ 5.Bd2 Bxd2+ 6.Nbxd2 O-O 7.Bg2 Qe7 8.O-O
Rd8 9.Rc1 c6 10.Qc2 Nbd7 11.e4 dxe4 12.Nxe4 Nxe4 13.Qxe4 Nf6 14.Qe3 Bd7
15.Rfd1 Be8 16.Ne5 Rac8 17.Rd2 c5 18.Rcd1 cxd4 19.Rxd4 Rxd4 20.Qxd4 b6 21.Bf3
Kf8 22.h4 Qc5 23.Qf4 Qc7 24.g4 Kg8 25.g5 Nd7 26.Rxd7 Bxd7 27.Qxf7+ Kh8 28.Qxd7
Qxd7 29.Nxd7 Rxc4 30.Ne5 Rd4 31.Kg2 Rd2 32.Bg4 Rxb2 33.Bxe6 g6 34.Kf3 Rb4
35.Nc6 Rxh4 36.Nxa7 Rb4 37.Bb3 h6 38.gxh6 Kh7 39.Nc6 Rb5 40.Ne7 Kxh6 41.Nd5
Kg5 42.Ke4 Kg4 43.f4 Kg3 44.Ke3 Kg4 45.Bd1+ Kg3 46.Bb3 Kg4 47.Ne7 g5 48.Be6+
Kh5 49.f5 g4 50.Nd5 Kg5 51.Nc3 Ra5 52.Ne4+ Kh4 53.f6 {#r} 1-0

[Event "Extraliga 2011/12"]
[Site "masterchessopen.com Slovakia"]
[Date "2011.10.23"]
[Round "2"]
[White "Havlicek Libor (SVK)"]
[Black "Borik Juraj (SVK)"]
[Result "1-0"]
[WhiteElo "2172"]
[BlackElo "2198"]

1.d4 Nf6 2.Nf3 d5 3.c4 e6 4.g3 Bb4+ 5.Bd2 c5 6.Bxb4 cxb4 7.Nbd2 O-O 8.Bg2 Nc6
9.O-O a5 10.Rc1 Qd6 11.Re1 Rd8 12.e4 dxe4 13.Nxe4 Nxe4 14.Rxe4 f5 15.Rh4 Qe7
16.Qd2 e5 17.d5 e4 18.Nd4 Ne5 19.f3 Ng6 20.Rh5 exf3 21.Nxf3 f4 22.Re1 Qf6
23.Ng5 Bg4 24.Ne4 Qf8 25.Rg5 Bf5 26.gxf4 h6 27.Rg3 Rac8 28.b3 Qf7 29.Qd4 b5
30.c5 Kh8 31.Nd6 Rxd6 32.cxd6 Qd7 {#r} 1-0

[Event "Extraliga 2011/12"]
[Site "masterchessopen.com Slovakia"]
[Date "2012.03.09"]
[Round "9"]
[White "Lipka Juraj (SVK)"]
[Black "Papp Gabor (HUN)"]
[Result "0-1"]
[WhiteElo "2443"]
[BlackElo "2551"]

1.Nf3 d5 2.d4 Nf6 3.c4 e6 4.g3 Bb4+ 5.Bd2 Be7 6.Bg2 c6 7.Qc2 Nbd7 8.O-O O-O
9.Bf4 b6 10.Rd1 Ba6 11.Ne5 Rc8 12.Nc3 Bxc4 13.Nxc4 dxc4 14.e4 b5 15.a4 a6
16.axb5 axb5 17.d5 cxd5 18.exd5 e5 19.Bg5 Qb6 20.Ne4 Bc5 21.d6 Nxe4 22.Bxe4 g6
23.Be7 Rfe8 24.h4 Bd4 25.h5 Rxe7 26.dxe7 Qe6 27.Ra5 Rb8 28.hxg6 hxg6 29.b3
cxb3 30.Qc7 Qxe7 31.Bc6 Bb6 32.Rxd7 Bxc7 33.Rxe7 Bxa5 34.Rxe5 b2 35.Be4 Bc3
36.Rc5 Re8 {#R} 0-1

[Event "Extraliga 2011/12"]
[Site "masterchessopen.com Slovakia"]
[Date "2012.03.11"]
[Round "11"]
[White "Vovk Yuri (UKR)"]
[Black "Likavsky Tomas (SVK)"]
[Result "1-0"]
[WhiteElo "2581"]
[BlackElo "2486"]

1.d4 Nf6 2.c4 e6 3.Nf3 d5 4.g3 Bb4+ 5.Bd2 Be7 6.Bg2 Nbd7 7.O-O O-O 8.Bf4 dxc4
9.Qc2 Nd5 10.Qxc4 Nxf4 11.gxf4 c6 12.Nc3 Nb6 13.Qb3 Nd5 14.e3 Qb6 15.Qc2 Bd7
16.Ne5 Qc7 17.Na4 Rad8 18.Nc5 Bc8 19.Kh1 f6 20.Nf3 Bd6 21.Rg1 Qe7 22.Ne4 Bb8
23.Bh3 b6 24.Rg3 Bb7 25.Rag1 g6 26.Nh4 Kf7 27.Nc5 f5 28.Nxb7 Qxb7 29.Bg2 Rc8
30.Nf3 Qe7 31.Ng5+ Kg7 32.Bxd5 cxd5 33.Qe2 Rg8 34.h4 h5 35.Nf3 Kh6 36.Rg5 Bd6
37.Kh2 Qe8 38.Kh3 Be7 39.R5g3 Bf6 40.Qd2 Rg7 41.b3 Rc6 42.a4 Qc8 43.Qb4 a6
44.R3g2 Kh7 45.Ne1 Be7 46.Qd2 Rc3 47.Nd3 Rc2 48.Qd1 Bf6 49.a5 Rc6 50.axb6 Rxb6
51.Qe2 Kh6 52.Ra1 a5 53.Nc5 Be7 54.Rxa5 Bxc5 55.dxc5 Rxb3 56.Qa2 Rb8 57.Qa1
Qc7 58.Ra6 Qxc5 59.Rxe6 d4 60.Qg1 Rbg8 61.Rgxg6+ {#r} 1-0

[Event "It"]
[Site "masterchessopen.com Altensteig (Germany)"]
[Round "14"]
[White "Smejkal Jan (CZE)"]
[Black "Wirthensohn Heinz (SUI)"]
[Result "0-1"]
[WhiteElo "2545"]
[BlackElo "2359"]

1.c4 e6 2.Nf3 Nf6 3.g3 d5 4.d4 Bb4+ 5.Bd2 Be7 6.Bg2 c6 7.Qc2 O-O 8.O-O b6
9.Bf4 Bb7 10.Rd1 Na6 11.Ne5 Qc8 12.Nc3 c5 13.dxc5 Bxc5 14.Bg5 d4 15.Nb5 Bxg2
16.Kxg2 Nb4 17.Qb1 Nc6 18.Bxf6 gxf6 19.Nf3 e5 20.e3 dxe3 21.fxe3 Qg4 22.e4
Rad8 23.Qc2 Rxd1 24.Rxd1 Rd8 25.h3 Qc8 26.Nc3 Rxd1 27.Qxd1 Qe6 28.Nh4 Nd4
29.Nd5 f5 30.exf5 Nxf5 31.Qg4+ Ng7 32.Qg5 Kf8 33.Nf3 e4 34.Ne5 Ne8 35.Ng4 Qg6
36.Qe5 f5 37.Ngf6 Nxf6 38.Nxf6 Be7 39.Nd7+ Ke8 40.c5 {#R} 0-1

[Event "It"]
[Site "masterchessopen.com Baden-Baden (Germany)"]
[Round "0"]
[White "Hort Vlastimil (GER)"]
[Black "Tischbierek Raj (GER)"]
[Result "1-0"]
[WhiteElo "2560"]
[BlackElo "2495"]

1.c4 e6 2.d4 Nf6 3.g3 d5 4.Nf3 Bb4+ 5.Bd2 Be7 6.Bg2 O-O 7.Qb3 c6 8.Nc3 b6
9.O-O Ba6 10.cxd5 cxd5 11.Rfc1 Bb7 12.a4 Nc6 13.a5 Rc8 14.Na4 Ba6 15.axb6 Bc4
16.Qd1 axb6 17.b3 Ba6 18.Bf1 Ne4 19.e3 Bb7 20.Be1 Ra8 21.Bb5 Na7 22.Bd3 Bd6
23.Qe2 f6 24.Nd2 Nxd2 25.Bxd2 Rf7 26.Nxb6 Qxb6 27.Ba5 Qxb3 28.Rc3 Qxc3 29.Bxc3
Nc6 30.Rxa8+ Bxa8 31.Ba6 Rc7 32.Qb5 Kf7 33.Qb6 Ke7 34.Bb5 Nd8 35.Qa5 Bc6
36.Bb4 Rd7 37.Bd3 g6 38.Bxd6+ Rxd6 39.Qa3 Nf7 40.Qa7+ Bd7 41.Bb5 Nd8 42.h4 e5
43.Bd3 Ne6 44.dxe5 fxe5 45.Qa3 Bc6 46.f3 Ng7 47.Qa1 Re6 48.f4 Kf8 49.fxe5 Re7
50.Qf1+ Rf7 51.Qc1 Bd7 52.Qc5+ Re7 53.Qxd5 Be6 54.Qf3+ Kg8 55.Qa8+ Re8 56.Qc6
Bf7 57.Qd6 Be6 58.Bb5 Rf8 59.Bc6 Rc8 60.Kg2 Kf7 61.e4 Ne8 62.Qc5 {#r} 1-0